[Event "Titled Tuesday intern op 21st Dec"]
[Site "Chess.com INT"]
[Date "2021.12.21"]
[Round "5"]
[White "Li, Ben"]
[Black "Loy, Konstantin"]
[Result "1-0"]
[WhiteElo "2361"]
[BlackElo "2268"]
[PlyCount "63"]
[EventDate "2021.12.21"]
[EventType "swiss (blitz)"]
[EventRounds "11"]
[EventCountry "USA"]
[SourceTitle "CBM 205 Extra"]
[Source "ChessBase"]
[SourceDate "2022.01.31"]
[SourceVersion "1"]
[SourceVersionDate "2022.01.31"]
[SourceQuality "1"]

1. d4 Nf6 2. c4 c5 3. d5 b5 4. cxb5 a6 5. e3 g6 6. Nc3 Bg7 7. Nf3 0-0 8. a4 e6 9. dxe6 fxe6 10. Qd6 Bb7 11. Qxc5 axb5 12. Bxb5 Na6 13. Qd6 Ne4 14. Nxe4 Bxe4 15. Be2 Nc7 16. 0-0 Bxf3 17. gxf3 Qg5+ 18. Qg3 Qh5 19. Re1 Nd5 20. f4 Qh6 21. Bf3 Ra5 22. Bd2 Ra6 23. Bxd5 exd5 24. Bc3 g5 25. Bxg7 Qxg7 26. fxg5 Rg6 27. h4 h6 28. f4 hxg5 29. hxg5 Rf5 30. Re2 Rfxg5 31. fxg5 Rxg5 32. Qxg5 1-0

[Event "Titled Tuesday intern op 21st Dec"]
[Site "Chess.com INT"]
[Date "2021.12.21"]
[Round "2"]
[White "Loy, Konstantin"]
[Black "Barria Zuniga, Daniel"]
[Result "0-1"]
[WhiteElo "2268"]
[BlackElo "2341"]
[PlyCount "60"]
[EventDate "2021.12.21"]
[EventType "swiss (blitz)"]
[EventRounds "11"]
[EventCountry "USA"]
[SourceTitle "CBM 205 Extra"]
[Source "ChessBase"]
[SourceDate "2022.01.31"]
[SourceVersion "1"]
[SourceVersionDate "2022.01.31"]
[SourceQuality "1"]

1. e4 c5 2. Nf3 e6 3. d3 b6 4. g3 Bb7 5. Bg2 d6 6. 0-0 Nd7 7. Re1 Ngf6 8. c3 Be7 9. Nbd2 0-0 10. d4 cxd4 11. cxd4 Rc8 12. e5 dxe5 13. dxe5 Ng4 14. h3 Nxf2 15. Kxf2 Bc5+ 16. Kf1 Ba6+ 17. Re2 f6 18. Ne4 Nxe5 19. Qxd8 Rcxd8 20. Bf4 Nd3 21. Nxc5 bxc5 22. b3 e5 23. Be3 f5 24. Ne1 f4 25. Bf2 Nxe1 26. Kxe1 f3 27. Bxf3 Rxf3 28. Rxe5 Rdf8 29. Bxc5 Rf1+ 30. Kd2 Rd8+ 0-1

[Event "Titled Tuesday intern op 14th Dec"]
[Site "Chess.com INT"]
[Date "2021.12.14"]
[Round "5"]
[White "Loy, Konstantin"]
[Black "Artemenko, Oleg"]
[Result "0-1"]
[WhiteElo "2268"]
[BlackElo "2246"]
[PlyCount "84"]
[EventDate "2021.12.14"]
[EventType "swiss (blitz)"]
[EventRounds "11"]
[EventCountry "USA"]
[SourceTitle "EXT 2023"]
[Source "ChessBase"]
[SourceDate "2022.10.05"]
[SourceVersion "1"]
[SourceVersionDate "2022.10.05"]
[SourceQuality "1"]

1. e4 e6 2. d3 d5 3. Nd2 Nf6 4. Ngf3 c5 5. g3 Nc6 6. Bg2 Be7 7. 0-0 0-0 8. Re1 b5 9. e5 Nd7 10. Nf1 b4 11. h4 Ba6 12. h5 Qb6 13. h6 g6 14. N1h2 Rfc8 15. Ng4 Nd4 16. Bf4 Bf8 17. Nxd4 cxd4 18. Qd2 Rc6 19. Rec1 Rac8 20. Bg5 Qc7 21. Qf4 Rxc2 22. Rxc2 Qxc2 23. Bxd5 Qxd3 24. Bb3 Qf5 25. Qxf5 gxf5 26. Nf6+ Nxf6 27. exf6 Bd6 28. Rd1 e5 29. f4 d3 30. fxe5 Bxe5 31. Kf2 Bxb2 32. Re1 Kf8 33. Re7 Bc4 34. Bxc4 Rxc4 35. Rxa7 Bd4+ 36. Be3 Bxa7 37. Bxa7 Rc2+ 38. Ke1 Rxa2 39. Bc5+ Ke8 40. Bxb4 Kd7 41. Kd1 Ke6 42. Bc3 Kd5 0-1